Responses for Show #7113 - Wednesday, July 15, 2015

Contestants

[<< previous game]

Alyson Lamble, an account executive originally from Kansas City, Missouri

John Hendel, a playwright from Los Angeles, California

Ben Hemmens, a stay-at-home dad from Falls Church, Virginia (whose 1-day cash winnings total $26,801)

[next game >>]

Jeopardy! Round responses

"F" IN GEOGRAPHY
WORDPLAY-POURRI
SHOW YOUR METAL IN POP CULTURE
CEOs
LIVING SPACES
PUT 'EM IN ORDER
(Alex: --chronological order for us.)
    $200 16
Mount Fuji

Ben
    $200 1
(John: What is... nope.)

a madam

BenJohn
    $200 3
the Silver Surfer

Alyson
    $200 11
(Mark) Zuckerberg

Ben
    $200 18
a houseboat

Ben
    $200 26
Michelangelo, Rembrandt, Christo

Ben
    $400 17
(John: What is Frankfort?)
...
(Alex: ...we wanted the name of the settler, not the name of the capital. That's why I said "Be careful".)

Frank

JohnAlyson
    $400 2
plump

John
    $400 4
the Iron Giant

Ben
    $400 12
Progressive

Ben
    $400 19
an igloo

Ben
    $400 27
Ptolemy, Dante, Copernicus

Ben
    $600 23
Flanders

Ben
    $600 8
Peeping Tom Brady

Alyson
    $600 5
the tin cup

John
    $600 13
LinkedIn

John
    $600 20
(Ben: What is a barracks?)

a pup tent

Ben
Triple Stumper
    $600 28
(Alex: We didn't really try to trick you, believe me.)
(Ben: Seemed like it.)

Montezuma, Tecumseh, Geronimo

Ben
    $800 24
Finland

John
    $800 9
a shamrock

Ben
    $800 6
the Mercury Theatre

Triple Stumper
    $800 14
Bezos

John
    $800 21
hacienda

Ben
    $800 29
(Ben: Who are Socrates, Aristotle, and Plato?)

Socrates, Plato, Aristotle

Ben
Triple Stumper
    $1000 25
Fez

Ben
    $1000 10
a ziggurat

Ben
    $1000 7
Copper

Alyson
    $1,000 15
Whole Foods

John
    $1000 22
barracks

Ben
    $1000 30
Justinian, Charlemagne, Saladin

Triple Stumper

Scores at the first commercial break (after clue 15):

Ben John Alyson
$3,000 $3,200 $1,800

Scores at the end of the Jeopardy! Round:

Ben John Alyson
$7,000 $3,600 $2,200

Double Jeopardy! Round responses

AFTERNOON TEA
SIGNERS OF THE DECLARATION OF INDEPENDENCE
FICTION
SPORTS INJURIES
ALL THAT JAZZ
SIX RHYMES
(Alex: Each correct response will be something that rhymes with the word "six", the number six.)
    $400 16
steep

Ben
    $400 11
[ERRATUM: Declaration signer Lyman Hall of Georgia was also a clergyman. Witherspoon was the only active clergyman to sign.]

Scotland

Ben
    $400 1
Twilight

Ben
    $400 19
(John: What are the quads?)

hamstrings

John
Triple Stumper
    $400 24
(John: Who is Buddy Guy?)

Buddy Rich

John
Triple Stumper
    $400 3
the Knicks

John
    $800 17
(Alyson: What are scones?)

crumpets

BenAlyson
    $800 12
(Ben: Who are... Thomas Jefferson and Burr?)

Jefferson & Adams (& Elbridge Gerry)

BenJohn
    $800 2
Emma

Ben
    $800 20
elevation

Alyson
    $800 25
a zoot suit

Ben
    $800 4
the fix

Ben
    $1200 18
(Alex: And you've heard of [*]shire cream, so [*] is the shire.)

Devon

Triple Stumper
    $1200 13
the Lees

John
    $1200 7
Love in the Time of Cholera

Ben
    $1200 21
(Ben: What is the knee?)

the ankle

BenJohn
    $1200 26
(Ben: Who is Fitzgerald?)

Fats Waller

Ben
Triple Stumper
    $1200 5
(Alex: I bet you make 'em at home, don't you?)
(Ben: I do.)
(Alex: Yes.)

fish sticks

Ben
    $1,000 27
(Alex: A little bit of pressure on you. We're running out of time. You have almost made this game a runaway.)
[The end-of-round signal sounds.]

petit fours

Ben
    $1600 14
Maryland

Ben
    $3,000 8
Charlie and the Chocolate Factory

Ben
    $1600 22
the solar plexus

John
    $1600 6
Rick's

Alyson
    $2000 15
(Ben: What is Ticonderoga?)

Saratoga

Ben
Triple Stumper
    $2000 9
O Pioneers!

Ben
    $2000 23
(Alex: And we have a minute left in the round, John.)

the meniscus

Triple Stumper
    $2000 10
Edward Hicks

Triple Stumper

Scores at the end of the Double Jeopardy! Round:

Ben John Alyson
$16,200 $8,000 $3,800
(lock game)

[wagering suggestions for these scores]

Final Jeopardy! Round responses

LANDMARKS
AlysonWhat is the Golden Gate Bridge?
$0
JohnWhat is the Golden Gate Bridge??
$399
BenWhat is the Golden Gate Bridge?
$199
the Golden Gate Bridge

Final scores:

Ben John Alyson
$16,399 $8,399 $3,800
2-day champion: $43,200 2nd place: $2,000 3rd place: $1,000

Game dynamics:

Coryat scores:

Ben John Alyson
$15,400 $8,000 $3,800
29 R
(including 2 DDs),
6 W
11 R
(including 1 DD),
4 W
6 R,
1 W

Combined Coryat: $27,200

[game clues] [game scores] [suggest correction]

Game tape date: 2015-04-20
The J! Archive is created by fans, for fans. Scraping, republication, monetization, and malicious use prohibited; this site may use cookies and collect identifying information. See terms. The Jeopardy! game show and all elements thereof, including but not limited to copyright and trademark thereto, are the property of Jeopardy Productions, Inc. and are protected under law. This website is not affiliated with, sponsored by, or operated by Jeopardy Productions, Inc. Join the discussion at JBoard.tv.